000 00617cam a22002173a 4500
001 35004
003 PGUSA
005 20140828083744.0
008 110119s2011||||xxu|||||s|||||000 | eng d
040 _aPGUSA
_beng
042 _adc
100 1 _aMérimée, Prosper,
_d1803-1870
245 1 0 _aAbbé Aubain and Mosaics
_h[electronic resource] /
_cProsper Mérimée
260 _bProject Gutenberg,
_c2011
506 _aPublic domain in the USA.
516 _aElectronic text
700 1 _aWalker, Emily Mary
830 0 _aProject Gutenberg
_v35004
856 4 0 _uhttp://www.gutenberg.org/ebooks/35004
942 _cEB
999 _c264259
_d264259